00622nam a2200205 a 4500001000400000003001000004005001700014008004100031020001800072040002500090080002100115100003800136245007400174250003200248260003400280300003500314504002500349650002300374650001900397987BR-CuiBMT20231124202312.0231124s2018 spba 000 0 por d a9788597015195 aBR-CuiBMTcBR-CuiBMT 22007a347.91/.951 aNunes, Elpídio Donizettid1956-10aCurso didático de direito processual civil /cElpídio Donizetti.  a21. ed. rev., atual e ampl. aSão Paulo :bAtlas, c2018. a1506 p. :bil. color. ;c25 cm aInclui bibliografia. aDireito processual aProcesso civil